000 00767nam a2200253 i 4500
001 66833
003 ES-MaACL
005 20250811052458.0
007 t|
008 030708s2003 sp |||| | spa d
020 _a84-95379-51-1
080 _a328(460)"1808/14"
245 0 4 _aLas Cortes de Cádiz /
_cMiguel Artola, ed. ; Manuel Morán Ortí ... [et al.].
260 _aMadrid :
_bMarcial Pons, Historia,
_c2003.
300 _a272 p. ;
_c22 cm.
490 1 _aEstudios
504 _aReferencias bibliográficas.
610 1 4 _aEspaña.
_bCortes de Cádiz
_93663
700 1 _aArtola, Miguel,
_d1923-2020
_923497
700 1 _aMorán Ortí, Manuel.
_983121
830 0 _aEstudios
_9177349
852 _aES-MaACL
_jL-27358
999 _c66833
_d66833